000 00596nam a2200169 i 4500
001 26315
003 ES-MaACL
005 20230906153424.0
007 t|
008 030108s1891 sp ||||1| spa d
100 1 _aAulnoy, Marie-Catherine Le Jumel de Barnreville
_cBaronne d'.
_923913
245 1 0 _aRelación que hizo de su viaje por España la Señora Marie-Catherine Le Jumel de Barneville Aulnoy en 1679.
260 _aMadrid :
_bJ. Jiménez,
_c1891.
300 _aVIII, 264 p. ;
_c24 cm.
651 4 _aEspaña-
_xDescripción-
_vObras anteriores a 1800.
_9147509
852 _aES-MaACL
_jG-5187
999 _c26315
_d26315